000 00437cam a22001337a 4500
008 180718b1983 xxu||||| |||| 00| 0 eng d
082 _aAPPPA 82-83 BHA
100 _aBhattacharjya, Arunoday
245 _aRelevance of recruitment to civil services: dissertation
_cby Arunoday Bhattacharjya
260 _aNew Delhi
_bIndian Institute of Public Administration
_c1983
300 _a304p.
650 _aCivil services
650 _aRecruitment
999 _c501265
_d501265